Statystyki dla QUIZ TOP 10 NAJLEPIEJ SPRZEDAJĄCYCH SIĘ SAMOCHODÓW W 2023 W POLSCE

Kliknij tutaj aby rozwiązać quiz!

Ogólne statystyki

  • Ten quiz został rozwiązany 13 razy
  • Średni wynik to 3 z 10

Statystyki odpowiedzi

ILE?ODPOWIEDŹ% Poprawnych
3.SKODA OCTAVIA
75%
1.TOYOTA COROLLA
67%
2.TOYOTA YARIS
67%
8.DACIA DUSTER
50%
9.TOYOTA RAV4
17%
5.KIA SPORTAGE
8%
7.HYUNDAI TUSCON
0%
6.TOYOTA CHR
0%
4.TOYOTA YARIS CROSS
0%
10.VOLKSWAGEN TROC
0%

Rozkład punktacji

Percentyl według liczby udzielonych odpowiedzi

Procent ludzi z każdym wynikiem

Twoja historia wyników

Nie rozwiązałeś tego quizu